<?xml version="1.0" encoding="UTF-8"?>
<record
    xmlns:xsi="http://www.w3.org/2001/XMLSchema-instance"
    xsi:schemaLocation="http://www.loc.gov/MARC21/slim http://www.loc.gov/standards/marcxml/schema/MARC21slim.xsd"
    xmlns="http://www.loc.gov/MARC21/slim">

  <leader>00891nam a2200217 i 4500</leader>
  <controlfield tag="001">54445</controlfield>
  <controlfield tag="003">ES-MaACL</controlfield>
  <controlfield tag="005">20250728030930.0</controlfield>
  <controlfield tag="007">t|</controlfield>
  <controlfield tag="008">031215s1912    fr           ||||1| fre d</controlfield>
  <datafield tag="100" ind1="1" ind2=" ">
    <subfield code="a">Fontenay, Guillaume de.</subfield>
    <subfield code="9">51639</subfield>
  </datafield>
  <datafield tag="245" ind1="1" ind2="3">
    <subfield code="a">La photographie et l'&#xE9;tude des ph&#xE9;nom&#xE8;nes psychiques </subfield>
    <subfield code="b">: abr&#xE9;g&#xE9; de trois conf&#xE9;rences donn&#xE9;es par l'auteur &#xE1;a la Soci&#xE9;t&#xE9; Universelle d'Etudes Psychiques, en 1910 et 1911 / </subfield>
    <subfield code="c">Guillaume de Fontenay ; pr&#xE9;face de M. d'Arsonval.</subfield>
  </datafield>
  <datafield tag="260" ind1=" " ind2=" ">
    <subfield code="a">Paris : </subfield>
    <subfield code="b">Gauthier-Villars, </subfield>
    <subfield code="c">1912.</subfield>
  </datafield>
  <datafield tag="300" ind1=" " ind2=" ">
    <subfield code="a">XIV, 110 p., XVI h. de fot. ; </subfield>
    <subfield code="c">19 cm.</subfield>
  </datafield>
  <datafield tag="650" ind1=" " ind2="4">
    <subfield code="a">Parapsicolog&#xED;a-</subfield>
    <subfield code="x">Aparatos e instrumentos.</subfield>
    <subfield code="9">15828</subfield>
  </datafield>
  <datafield tag="650" ind1="1" ind2="7">
    <subfield code="a">Fotograf&#xED;a</subfield>
    <subfield code="2">embne</subfield>
    <subfield code="9">12943</subfield>
  </datafield>
  <datafield tag="700" ind1="1" ind2=" ">
    <subfield code="a">Arsonval, Ars&#xE8;ne d'.</subfield>
    <subfield code="9">23409</subfield>
  </datafield>
  <datafield tag="710" ind1="2" ind2=" ">
    <subfield code="a">Soci&#xE9;t&#xE9; Universelle d'Etudes Psychiques.</subfield>
    <subfield code="9">6867</subfield>
  </datafield>
  <datafield tag="852" ind1=" " ind2=" ">
    <subfield code="a">ES-MaACL</subfield>
    <subfield code="j">T-1355-F-2</subfield>
  </datafield>
  <datafield tag="999" ind1=" " ind2=" ">
    <subfield code="c">54445</subfield>
    <subfield code="d">54445</subfield>
  </datafield>
  <datafield tag="952" ind1=" " ind2=" ">
    <subfield code="0">0</subfield>
    <subfield code="1">0</subfield>
    <subfield code="4">0</subfield>
    <subfield code="7">0</subfield>
    <subfield code="8">Colecci&#xF3;n_de_folletos</subfield>
    <subfield code="a">ATENEOM</subfield>
    <subfield code="b">ATENEOM</subfield>
    <subfield code="c">DEPOF</subfield>
    <subfield code="d">2008-01-17</subfield>
    <subfield code="e">SC</subfield>
    <subfield code="l">0</subfield>
    <subfield code="o">T-1355-F-2</subfield>
    <subfield code="p">1057212</subfield>
    <subfield code="r">2023-02-23 00:00:00</subfield>
    <subfield code="w">2023-02-23</subfield>
    <subfield code="y">FOLLETOS</subfield>
  </datafield>
</record>
